| 000 | 00000nam##2200000za#4500 |
| 001 | 9.578087 |
| 003 | CaOODSP |
| 005 | 20210624185924 |
| 007 | cr ||||||||||| |
| 008 | 150406|2010||||xxc|||||o f|0| 0 eng|d |
| 040 | |aCaOODSP|beng |
| 043 | |an-cn--- |
| 086 | 1 |aPS73-1/2010-02-01E-PDF |
| 110 | 2 |aCanadian Security Intelligence Service. |
| 245 | 10|aChina and its new place in the world : |h[electronic resource]|bhighlights from the conference 28-29 September 2009, Ottawa / |cConference rapporteur: Pascale Massot. |
| 260 | |aOttawa - Ontario : |bCanadian Security Intelligence Service |cFebruary 2010. |
| 300 | |a76p. |
| 490 | 1 |aWorld watch|vSeries publication No 2010-02-01 |
| 500 | |a"A conference of the Canadian Security Intelligence Service jointly sponsored by the International Development Research Centre" |
| 590 | |a13-27-Supp|b2013-11-15 |
| 775 | 08|tLa nouvelle place de la Chine dans le monde : |w(CaOODSP)9.606322 |
| 830 | #0|aWorld watch ;|vSeries publication No 2010-02-01|w(CaOODSP)9.507689 |
| 856 | 40|ahttp://publications.gc.ca|qPDF|s1.11 MB|uhttps://publications.gc.ca/collections/collection_2013/scrs-csis/PS73-1-2010-02-01-eng.pdf|ySeries publication No 2010-02-01 |